LEADER 01857 am 2200577 n 450 001 9910341846803321 005 20190521 010 $a2-35768-089-X 024 7 $a10.4000/books.eua.894 035 $a(CKB)4100000009382723 035 $a(FrMaCLE)OB-eua-894 035 $a(oapen)https://directory.doabooks.org/handle/20.500.12854/60803 035 $a(PPN)240757416 035 $a(EXLCZ)994100000009382723 100 $a20191001j|||||||| ||| 0 101 0 $afre 135 $auu||||||m|||| 181 $ctxt$2rdacontent 182 $cc$2rdamedia 183 $acr$2rdacarrier 200 13$aUn Théâtre de la disparition /$fJean-Marie Piemme 210 $aAvignon $cÉditions Universitaires d?Avignon$d2019 215 $a1 online resource (56 p.) 311 $a2-35768-017-2 330 $aLa disparition de ce que nous avons été, de ce que nous sommes, de ce que nous serons est le moteur du théâtre que j?écris. Dans un temps qui fuit, chacun cherche à densifier son existence à l?instant de la chute : je crois n?avoir jamais mis en jeu autre chose. 606 $aTheater 606 $adisparition 606 $athéâtre 606 $afiction 606 $aespace habité 606 $alucidité 610 $adisparition 610 $afiction 610 $aespace habité 610 $alucidité 610 $athéâtre 615 4$aTheater 615 4$adisparition 615 4$athéâtre 615 4$afiction 615 4$aespace habité 615 4$alucidité 700 $aPiemme$b Jean-Marie$0440134 701 $aEthis$b Emmanuel$01286053 701 $aPiemme$b Jean-Marie$0440134 701 $aPoggi$b Marie-Hélène$01314473 801 0$bFR-FrMaCLE 906 $aBOOK 912 $a9910341846803321 996 $aUn Théâtre de la disparition$93031826 997 $aUNINA LEADER 02581 am 2200589 n 450 001 9910567797603321 005 20240104030717.0 010 $a979-1-03-000767-1 024 7 $a10.4000/books.pub.47479 035 $a(CKB)4100000012875264 035 $a(FrMaCLE)OB-pub-47479 035 $a(PPN)26327120X 035 $a(EXLCZ)994100000012875264 100 $a20220513j|||||||| ||| 0 101 0 $afre 135 $auu||||||m|||| 200 00$aDescription systématique du mbo$eLangue bantoue A.15$fChristiane Félicité Éwané 210 $aPessac$cPresses Universitaires de Bordeaux$d2021 215 $a1 online resource (332 p.) 311 $a979-1-03-000076-4 330 $aVoici un livre qui vient à son heure. C?est un heureux événement pour la langue mbo et pour la linguistique africaine. Grâce à la somme des données dégagées par la description, il ouvre, pour la langue mbo, des perspectives prometteuses en termes d?aménagement orthographique, terminologique et grammatical, ce qui ne manquera pas de faciliter son emploi dans tous les domaines de la vie moderne au bénéfice de ses usagers : alphabétisation, scolarisation, création littéraire, communication dans la presse, à la radio et à la télévision. Ce livre sera utile aux chercheurs car il constitue une contribution importante à la connaissance des langues bantoues de la zone A considérée par les spécialistes comme l?une des plus complexes et des moins explorées de l?ensemble du domaine. Enfin il s?adresse à la fois à ceux qui parlent le mbo et à ceux qui voudraient l?étudier ou l?enseigner. 606 $aLinguistics 606 $adescription linguistique 606 $asyntaxe 606 $aphonologie 606 $asynchronie 606 $alangue bantoue 606 $aethnonyme 606 $aglossonyme 606 $alangue à classes 606 $astructure syllabique 606 $atonologie 606 $amorphologie 615 4$aLinguistics 615 4$adescription linguistique 615 4$asyntaxe 615 4$aphonologie 615 4$asynchronie 615 4$alangue bantoue 615 4$aethnonyme 615 4$aglossonyme 615 4$alangue à classes 615 4$astructure syllabique 615 4$atonologie 615 4$amorphologie 700 $aÉwané$b Christiane Félicité$01458386 701 $aMusanji$b Ngalasso-Mwatha$01458387 801 0$bFR-FrMaCLE 906 $aBOOK 912 $a9910567797603321 996 $aDescription systématique du mbo$93658267 997 $aUNINA